000 00470nam a2200169Ia 4500
003 GCL
008 140319s9999 xx 000 0 ara d
040 _aGCL /
_cGCL
082 0 4 _a818.07
_bا ح
100 1 _aاحمد ناشد
245 1 0 _aحلم برجل من عالم اخر /
_cاحمد ناشد
260 _a[S.N] :
_bدار المستقبل العربى ،
_c1986
300 _a147 ص
490 _a
650 0 4 _aالقصص العربية
942 _2ddc
_cBK
999 _c53757
_d53757